Statystyki dla Skład Girony w La Liga 2023/24

Kliknij tutaj aby rozwiązać quiz!

Ogólne statystyki

  • Ten quiz został rozwiązany 10 razy
  • Średni wynik to 8 z 24

Statystyki odpowiedzi

NumerZawodnik% Poprawnych
14Aleix Garcia
78%
24Borja Garcia
78%
20Yan Couto
78%
13Paulo Gazzaniga
67%
7Cristhian Stuani
56%
8Viktor Tsygankov
56%
4Arnau Martinez
44%
5David Lopez
44%
23Ivan Martin
44%
3Miguel Gutierrez
44%
21Yangel Herrera
44%
18Oriol Romeu
33%
6Ibrahima Kebe
22%
1Juan Carlos
22%
22Santiago Bueno
22%
26Toni Fuidias
22%
2Bernardo Espinosa
11%
9Taty Castellanos
11%
12Toni Villa
11%
11Valery Fernandez
11%
16Javi Hernandez
0%
15Juanpe Ramirez
0%
19Reinier
0%
17Rodrigo Riquelme
0%

Rozkład punktacji

Percentyl według liczby udzielonych odpowiedzi

Procent ludzi z każdym wynikiem

Twoja historia wyników

Nie rozwiązałeś tego quizu